| 000 | 00615nam a2200217 a 4500 | ||
|---|---|---|---|
| 005 | 20240910063919.0 | ||
| 008 | 991125s1982 es 000 0 spa u | ||
| 020 | _a843101878X | ||
| 035 | _aUPN01000012720 | ||
| 049 | _aI | ||
| 050 | 4 |
_aPZ33 _bC8.8 1982 |
|
| 245 | 0 | 0 |
_aCuentos de Grimm-2 / _cadap. Eugenio Sotillos ; il. María Pascual. |
| 250 | _a4a ed. | ||
| 260 |
_aBarcelona [Esp.] : _bToray, _c1982. |
||
| 300 |
_a[98] p. : _bil. col. |
||
| 440 | 0 | _aFulgor | |
| 650 | 4 |
_aCuentos infantiles alemanes _98589 |
|
| 700 | 1 |
_aSotillos, Eugenio, _eadap. |
|
| 700 | 1 |
_aPascual, María, _eil. |
|
| 905 | _aInfantil | ||
| 999 |
_c12720 _d12720 |
||